| 000 | 00976nam a2200289 i 4500 | ||
|---|---|---|---|
| 001 | 5721 | ||
| 003 | ES-MaACL | ||
| 005 | 20250809045450.0 | ||
| 007 | t| | ||
| 008 | 890516s1987 sp ||||0| spa d | ||
| 020 | _a84-7600-174-6 | ||
| 080 | _a9(35) | ||
| 100 | 1 |
_aRoux, Georges. _9100108 |
|
| 245 | 1 | 0 |
_aMesopotamia _b: historia politica, economica y cultural / _cGeorges Roux ; prefacio de Jean Bottero ; traducido por Jose Carlos Bermejo Barrera. |
| 260 |
_aMadrid : _bAkal, _c1987. |
||
| 300 |
_a495 p. ; _c22 cm. |
||
| 490 | 1 |
_aAkal universitaria. Serie Historia Antigua ; _v102 |
|
| 500 | _aCuadros cronologicos. | ||
| 500 | _aMapas. | ||
| 500 | _aIndices. | ||
| 651 | 4 |
_aMesopotamia- _xHistoria. _99056 |
|
| 700 | 1 |
_aBottéro, Jean. _930800 |
|
| 700 | 1 |
_aBermejo Barrera, José Carlos. _928096 |
|
| 830 | 0 | 0 |
_aAkal universitaria. _pHistoria antigua _v102 _9233059 |
| 852 |
_aES-MaACL _jL-12715 _bR.115682 _z. - rust. |
||
| 999 |
_c5721 _d5721 |
||